000 00323 a2200133 4500
000 nam a22 7a 4500
100 _aSujit Kr Choudhary
110 _aSujit Kr Choudhary
245 _aContemporary Sociological Theory
250 _alatest edition
260 _bManohar
_c2025
264 _bManohar
_c2025
942 _cBK
999 _c394643
_d394643